000 00303nam a2200157Ia 4500
100 _aRobin Sharma
650 _aFiciton
942 _cBK
366 _f20
245 _aGreatness Guide 2
260 _bJaico
_c2008
082 _a303.34/ROB
_bROB
300 _a203
546 _aENGLISH
999 _c23579
_d23579